Open studio : do-it-yourself art projects by contemporary artists /

Open Studio' invites you into the private studios of seventeen of the most celebrated contemporary artists as they draw, paint, sculpt, or design an original project for readers to recreate at home. Join George Condo as he creates a paint-by-numbers portrait, William Wegman as he watercolors wh...

Full description

Bibliographic Details
Main Authors: Hurowitz, Sharon Coplan (Author), Benchley, Amanda (Author)
Other Authors: Kelbaugh, Casey (Photographer)
Format: Book
Language:English
Published: New York : Phaidon Press, 2020.
Subjects:

MARC

Tag First Indicator Second Indicator Subfields
LEADER 00000cam a2200000 i 4500
001 in00004440586
008 200504s2020 nyua 001 0 eng d
005 20250318223806.9
020 |a 9781838661281 
020 |a 183866128X  |q (hardcover) 
035 |a (OCoLC)on1153060436 
035 |a (OCoLC)1153060436 
040 |a YDX  |b eng  |e rda  |c YDX  |d BDX  |d ERASA  |d TOH  |d TI2  |d RB0  |d OCLCO  |d OCLCF  |d ON8  |d ASU  |d OCLCQ 
050 4 |a N6490  |b .H87 2020 
082 0 4 |a 700.411 
100 1 |a Hurowitz, Sharon Coplan,  |e author. 
245 1 0 |a Open studio :  |b do-it-yourself art projects by contemporary artists /  |c Sharon Coplan Hurowitz & Amanda Benchley ; photography by Casey Kelbaugh. 
246 3 0 |a Do-it-yourself art projects by contemporary artists 
264 1 |a New York :  |b Phaidon Press,  |c 2020. 
300 |a 255 pages :  |b color illustrations ;  |c 30 cm 
336 |a text  |b txt  |2 rdacontent 
337 |a unmediated  |b n  |2 rdamedia 
338 |a volume  |b nc  |2 rdacarrier 
500 |a Includes index. 
505 0 |a Rashid Johnson -- Sarah Sze -- John Currin -- George Condo -- Thomas Demand -- Mickalene Thomas -- Alex Israel -- Julie Mehretu -- William Wegman -- Marina Abramović -- Maya Lin -- Rachel Feinstein -- Will Cotton -- Lawrence Weiner -- Wangechi Mutu -- Kaws -- Haas Brothers. 
520 |a Open Studio' invites you into the private studios of seventeen of the most celebrated contemporary artists as they draw, paint, sculpt, or design an original project for readers to recreate at home. Join George Condo as he creates a paint-by-numbers portrait, William Wegman as he watercolors whimsical scenes of his beloved Weimaraners, and Mickalene Thomas as she makes an artist's book out of collage. 'Open Studio' demystifies the studio practice through the fun, accessible format of D.I.Y., leading you step-by-step through each artist's project. Eight inserts specially designed by the artists for completing their projects - from stencils to cut-outs - are also included. The result is sure to inspire people everywhere to blaze their own creative trails. Participating artists include: Marina Abramovic, George Condo, Will Cotton, John Currin, Thomas Demand, Rachel Feinstein, The Haas Brothers, Alex Israel, Rashid Johnson, KAWS, Maya Lin, Julie Mehretu, Wangechi Mutu, Mickalene Thomas, Sarah Sze, William Wegman, and Lawrence Weiner. 
650 0 |a Art. 
650 0 |a Composition (Art) 
650 7 |a ART  |x General.  |2 bisacsh 
650 7 |a Art.  |2 fast  |0 (OCoLC)fst00815177 
650 7 |a Composition (Art)  |2 fast  |0 (OCoLC)fst00871739 
700 1 |a Benchley, Amanda,  |e author. 
700 1 |a Kelbaugh, Casey,  |e photographer. 
852 8 |b pda,print  |z This title is available for the library to purchase for your use. Click the "Purchase It For Me" button to place a request. This item may take 5-10 business days to arrive. 
955 |a Print PDA title 
999 f f |s b4b14bdb-d71a-403a-bc94-d7badcdec74c  |i afea8640-fe1b-3f5f-9a0d-9ba15ec72341  |t 0 
952 f f |a Texas A&M University  |b College Station  |c Sterling C. Evans Library  |d Purchase on Demand  |t 0  |e N6490 .H87 2020  |h Library of Congress classification 
998 f f |a N6490 .H87 2020  |t 0  |l Purchase on Demand